[Event "aut_ychb14_2008"]
[Site "Wien - JGH Brigittenau"]
[Date "2008.05.11"]
[Round "3.9"]
[White "Stolzlechner, Andreas"]
[Black "Bachner, Karsten"]
[Result "0-1"]
[WhiteElo "1520"]
[BlackElo "1576"]
[PlyCount "92"]
[EventDate "2008.05.10"]

1. e4 e6 2. d4 d5 3. exd5 exd5 4. Bd3 Bd6 5. Nf3 Ne7 6. O-O O-O 7. Bg5 h6 8.
Bh4 Nbc6 9. c3 Be6 10. Bc2 Qd7 11. Re1 Bf5 12. Nbd2 Bxc2 13. Qxc2 Rfe8 14. Nf1
Nf5 15. Ng3 Nxg3 16. Bxg3 Bxg3 17. fxg3 b6 18. Qa4 Ne5 19. Qxd7 Nxd7 20. Kf2
Nf6 21. Ne5 Ne4+ 22. Kg1 f6 23. Nf3 Kf7 24. Kf1 Re7 25. Re2 Rae8 26. Rae1 c5
27. g4 Re6 28. g3 Ng5 29. Nxg5+ fxg5 30. Re5 Rxe5 31. dxe5 Ke6 32. Ke2 d4 33.
c4 Rf8 34. h4 gxh4 35. gxh4 g6 36. a3 Kxe5 37. Kd3+ Kd6 38. Kd2 Rf2+ 39. Kc1
Rg2 40. Re4 Rh2 41. Rf4 Ke5 42. Rf7 Rxh4 43. Rxa7 Rxg4 44. Ra6 Ke4 45. Rxb6 Kd3
46. a4 Rg1# 0-1

[Event "aut_ychb14_2008"]
[Site "Wien - JGH Brigittenau"]
[Date "2008.05.11"]
[Round "3.10"]
[White "Hribernig, Florian"]
[Black "Gmasz, Patrick"]
[Result "1/2-1/2"]
[WhiteElo "1472"]
[BlackElo "1509"]
[PlyCount "26"]
[EventDate "2008.05.10"]

1. Nf3 Nc6 2. d4 d5 3. c4 e6 4. Nc3 Bb4 5. Bg5 f6 6. Bh4 Nge7 7. a3 Bxc3+ 8.
bxc3 Ng6 9. Bg3 O-O 10. e3 Re8 11. Bd3 Nce7 12. h3 b6 13. O-O Ba6 1/2-1/2

[Event "aut_ychb14_2008"]
[Site "Wien - JGH Brigittenau"]
[Date "2008.05.11"]
[Round "4.1"]
[White "Kammerer, Gernot"]
[Black "Handler, Lukas"]
[Result "1/2-1/2"]
[WhiteElo "2001"]
[BlackElo "1908"]
[PlyCount "223"]
[EventDate "2008.05.10"]

1. e4 c6 2. d4 d5 3. e5 c5 4. dxc5 Nc6 5. Nf3 Bg4 6. Bb5 Qa5+ 7. Nc3 e6 8. Be3
Nge7 9. O-O a6 10. Ba4 Nf5 11. Bd2 Qxc5 12. Bxc6+ Qxc6 13. h3 Bxf3 14. Qxf3 Bc5
15. g4 Nh4 16. Qg3 Ng6 17. Rfe1 h5 18. g5 Ne7 19. Qf4 g6 20. Be3 Nf5 21. Bxc5
Qxc5 22. Rac1 O-O 23. Ne2 Rfc8 24. c3 Qc4 25. Qxc4 Rxc4 26. Ng3 Ne7 27. Ne2
Rac8 28. Nd4 Nc6 29. Nxc6 R8xc6 30. Rcd1 b5 31. a3 a5 32. Re3 b4 33. axb4 axb4
34. Rdd3 Rf4 35. Rd4 bxc3 36. bxc3 Rxd4 37. cxd4 Rc1+ 38. Kg2 Rd1 39. f4 Rxd4
40. Kf3 Rc4 41. Ra3 Rc8 42. Ke3 Kf8 43. h4 Rc1 44. Kf3 Rh1 45. Kg3 Rg1+ 46. Kh3
Rg4 47. Ra4 Rg1 48. Kh2 Rc1 49. Kg3 Rc3+ 50. Kg2 Kg7 51. Rb4 Rc2+ 52. Kf3 Rc3+
53. Kg2 Ra3 54. Kh2 Ra8 55. Kg3 Rc8 56. Kf3 Kf8 57. Ra4 Rc7 58. Ke3 Rc3+ 59.
Kf2 Rh3 60. Ra1 Rc3 61. Ra4 Rc7 62. Kf3 Ke7 63. Kf2 Kd7 64. Ra6 Rb7 65. Kf3 Kc7
66. Kf2 Kb8 67. Ra4 Rd7 68. Ke3 Kb7 69. Kf3 Kc6 70. Ra1 Kc5 71. Ke3 Kb4 72. Kd3
Rc7 73. Rb1+ Kc5 74. Rc1+ Kb6 75. Rb1+ Kc6 76. Ke3 Ra7 77. Rc1+ Kb7 78. Rb1+
Ka8 79. Kf3 Ra6 80. Rb4 Ka7 81. Rb1 Rb6 82. Rc1 Kb7 83. Ra1 Rb3+ 84. Kg2 d4 85.
Ra4 Rd3 86. Kf2 Kb8 87. Ke2 Re3+ 88. Kf2 Rd3 89. Ke2 Rh3 90. Rxd4 Rxh4 91. Kf3
Rh3+ 92. Kf2 Rc3 93. Rd7 Rc7 94. Rd8+ Kb7 95. Rd6 Kc8 96. Ra6 Rb7 97. Rc6+ Kd7
98. Rd6+ Kc7 99. Ra6 Kd7 100. Rd6+ Ke7 101. Ra6 Rb2+ 102. Kg3 Rb3+ 103. Kg2 h4
104. Ra7+ Kf8 105. Ra8+ Kg7 106. Ra1 h3+ 107. Kh2 Rf3 108. Ra4 Kf8 109. Ra8+
Ke7 110. Ra7+ Kf8 111. Ra8+ Kg7 112. Ra4 1/2-1/2

[Event "aut_ychb14_2008"]
[Site "Wien - JGH Brigittenau"]
[Date "2008.05.11"]
[Round "4.2"]
[White "Wertjanz, David"]
[Black "Kessler, Michaela"]
[Result "1-0"]
[WhiteElo "2031"]
[BlackElo "1750"]
[PlyCount "49"]
[EventDate "2008.05.10"]

1. e4 c5 2. Nf3 d6 3. d4 cxd4 4. Nxd4 Nf6 5. Nc3 a6 6. Bc4 e6 7. Bb3 b5 8. O-O
Be7 9. Qf3 Qc7 10. Qg3 O-O 11. Bh6 Ne8 12. Rad1 Bd7 13. Nf3 Nc6 14. Bf4 b4 15.
e5 d5 16. Nxd5 exd5 17. e6 Bd6 18. Bxd6 Nxd6 19. exd7 Ne7 20. Bxd5 Nef5 21. Qf4
Rab8 22. Be4 Qc4 23. Nd4 Nxe4 24. Nxf5 Qc6 25. Qxb8 1-0

[Event "aut_ychb14_2008"]
[Site "Wien - JGH Brigittenau"]
[Date "2008.05.11"]
[Round "4.3"]
[White "Knappitsch, Thomas"]
[Black "Schnegg, Martin"]
[Result "0-1"]
[WhiteElo "1816"]
[BlackElo "2057"]
[PlyCount "82"]
[EventDate "2008.05.10"]

1. e4 c5 2. Nf3 e6 3. d4 cxd4 4. Nxd4 a6 5. Nc3 d6 6. Be3 Nf6 7. Bc4 b5 8. Bb3
b4 9. Nce2 Nxe4 10. O-O Be7 11. Rc1 O-O 12. c3 bxc3 13. Nxc3 Bb7 14. Qd3 Nc5
15. Qd1 Nbd7 16. Bc2 d5 17. Nb3 Nxb3 18. Bxb3 Nf6 19. Na4 e5 20. Bb6 Qd6 21.
Bc5 Qe6 22. Bxe7 Qxe7 23. Rc5 Rac8 24. Qc1 Ne4 25. Rxc8 Rxc8 26. Qe3 d4 27. Qd3
Nc5 28. Nxc5 Qxc5 29. Qf5 Qe7 30. Re1 Qf6 31. Qd7 Qc6 32. Qxf7+ Kh8 33. f3 d3
34. Rxe5 Qb6+ 35. Kf1 Rc1+ 36. Re1 Rxe1+ 37. Kxe1 Qe3+ 38. Kd1 Qe2+ 39. Kc1 d2+
40. Kc2 d1=Q+ 41. Kc3 Qed2+ 0-1

[Event "aut_ychb14_2008"]
[Site "Wien - JGH Brigittenau"]
[Date "2008.05.11"]
[Round "4.4"]
[White "Fröwis, Annika"]
[Black "Klocker, Elias"]
[Result "1-0"]
[WhiteElo "1906"]
[BlackElo "1635"]
[PlyCount "66"]
[EventDate "2008.05.10"]

1. e4 e5 2. Nf3 Nc6 3. d4 exd4 4. Bc4 Nf6 5. e5 d5 6. Bb5 Ne4 7. Nxd4 Bd7 8.
Bxc6 bxc6 9. O-O Bc5 10. f3 Ng5 11. Kh1 O-O 12. Nb3 Bb6 13. a4 a5 14. Na3 Bc8
15. c4 Ne6 16. Qc2 Qe7 17. Rd1 d4 18. f4 c5 19. Qe4 Rb8 20. Nb5 Bb7 21. Qe1 Ra8
22. Rd3 Nd8 23. Rg3 f6 24. Bd2 Nc6 25. exf6 Qxf6 26. Rg5 Nb4 27. Qg3 Qe7 28.
Re1 Qf7 29. Nxc5 h6 30. Rge5 Nc6 31. Rd5 Nb4 32. Rd7 Bxc5 33. Rxf7 Rxf7 1-0

[Event "aut_ychb14_2008"]
[Site "Wien - JGH Brigittenau"]
[Date "2008.05.11"]
[Round "4.5"]
[White "Matt, Fabian"]
[Black "Dalnodar, Bernhard"]
[Result "1/2-1/2"]
[WhiteElo "1770"]
[BlackElo "1722"]
[PlyCount "45"]
[EventDate "2008.05.10"]

1. e4 c5 2. Nf3 Nc6 3. d4 cxd4 4. Nxd4 Nf6 5. Nc3 e5 6. Ndb5 d6 7. Bg5 a6 8.
Na3 b5 9. Nd5 Be7 10. Bxf6 Bxf6 11. c3 O-O 12. Nc2 Bg5 13. g3 Be6 14. Nce3 Kh8
15. Bg2 Rb8 16. O-O Bxe3 17. Nxe3 Ne7 18. Qd3 Qc7 19. Rfd1 Rb6 20. a4 Bc4 21.
Nxc4 bxc4 22. Qe2 Rfb8 23. Rd2 1/2-1/2

[Event "aut_ychb14_2008"]
[Site "Wien - JGH Brigittenau"]
[Date "2008.05.11"]
[Round "4.6"]
[White "Bachner, Karsten"]
[Black "Negovanovic, Daniel"]
[Result "1-0"]
[WhiteElo "1576"]
[BlackElo "1489"]
[PlyCount "69"]
[EventDate "2008.05.10"]

1. e4 e5 2. Nf3 Nf6 3. Nxe5 d6 4. Nxf7 Kxf7 5. d4 Be7 6. Nc3 Re8 7. Bc4+ Kf8 8.
O-O Nbd7 9. f4 Nb6 10. Be2 Kg8 11. f5 Nfd7 12. Bf4 Bg5 13. Qd2 Bxf4 14. Qxf4
Qf6 15. Qd2 a6 16. g4 h6 17. Kh1 c5 18. d5 Qg5 19. Qd3 Ne5 20. Qg3 Nbc4 21.
Bxc4 Nxc4 22. h4 Qf6 23. g5 hxg5 24. hxg5 Qe5 25. Qh4 Nd2 26. Rf4 Kf7 27. g6+
Kf8 28. f6 gxf6 29. Rxf6+ Kg7 30. Rf7+ Kxg6 31. Qh7+ Kg5 32. Rg1+ Qg3 33. Rxg3+
Bg4 34. Qf5+ Kh6 35. Rh7# 1-0

[Event "aut_ychb14_2008"]
[Site "Wien - JGH Brigittenau"]
[Date "2008.05.11"]
[Round "4.7"]
[White "Duan, Felix"]
[Black "Ly, Daniel"]
[Result "0-1"]
[WhiteElo "1476"]
[BlackElo "1627"]
[PlyCount "76"]
[EventDate "2008.05.10"]

1. e4 e5 2. Nf3 Nc6 3. Bc4 Bc5 4. c3 Nf6 5. d4 exd4 6. e5 d5 7. Bb5 Nd7 8. cxd4
Bb4+ 9. Nc3 O-O 10. Bxc6 bxc6 11. O-O Nb6 12. a3 Bxc3 13. bxc3 Bf5 14. Nd2 Qg5
15. Ne4 Qg6 16. Ng3 Rfd8 17. Qf3 Bg4 18. Qf4 Nc4 19. h3 Be6 20. Qg5 Qxg5 21.
Bxg5 Rdb8 22. Rfb1 Rxb1+ 23. Rxb1 Nxa3 24. Rb7 Nb5 25. Rxb5 cxb5 26. Be7 a5 27.
Ba3 Rb8 28. Ne2 b4 29. cxb4 axb4 30. Bb2 f6 31. f4 fxe5 32. fxe5 Rb5 33. Nf4
Kf7 34. Nd3 Bf5 35. Nc5 Ra5 36. Bc1 Ra1 37. Nb3 Rb1 38. Kf2 Rxb3 0-1

[Event "aut_ychb14_2008"]
[Site "Wien - JGH Brigittenau"]
[Date "2008.05.11"]
[Round "4.8"]
[White "Liao, Kevin"]
[Black "Ehs, Dominik"]
[Result "0-1"]
[WhiteElo "1728"]
[BlackElo "1554"]
[PlyCount "128"]
[EventDate "2008.05.10"]

1. d4 Nf6 2. c4 g6 3. Nc3 Bg7 4. e4 d6 5. Nf3 O-O 6. Be2 e5 7. O-O Nbd7 8. d5
a5 9. Be3 b6 10. a3 Nc5 11. Qc2 Ng4 12. Bd2 f5 13. b4 fxe4 14. Nxe4 Nxe4 15.
Qxe4 Bf5 16. Bg5 Qd7 17. Nxe5 Bxe5 18. Bxg4 Bxg4 19. Rac1 Rae8 20. Qc2 Bf5 21.
Qb3 axb4 22. axb4 Bg7 23. h3 Qf7 24. Be3 Rb8 25. Qa3 Ra8 26. Qb3 Rfb8 27. Rfe1
Rb7 28. Bg5 h6 29. Be3 Qf6 30. g4 Bd7 31. Rcd1 Qf3 32. Qd3 Qxh3 33. Qxg6 Qxg4+
34. Qxg4 Bxg4 35. Rc1 Ra4 36. Bd2 Ra2 37. Bc3 c5 38. dxc6 Rf7 39. Re8+ Kh7 40.
Be1 Re2 41. Rxe2 Bxe2 42. Rc2 Re7 43. Bd2 Bd3 44. Ra2 Rc7 45. Ra6 Rxc6 46. b5
Rxc4 47. Rxb6 Rc5 48. Rxd6 Bxb5 49. Be3 Rc4 50. f4 Rc6 51. Rd5 Rg6+ 52. Kf2 Bc6
53. Rc5 Bf8 54. Rc1 h5 55. Rg1 Rxg1 56. Kxg1 Kg6 57. Kh2 Kf5 58. Kh3 Be7 59.
Bd2 Bd7 60. Kh2 Kg4 61. Be1 Bd6 62. Kg2 Bxf4 63. Bf2 Bc6+ 64. Kg1 Bg3 0-1

[Event "aut_ychb14_2008"]
[Site "Wien - JGH Brigittenau"]
[Date "2008.05.11"]
[Round "4.9"]
[White "Gmasz, Patrick"]
[Black "Stolzlechner, Andreas"]
[Result "0-1"]
[WhiteElo "1509"]
[BlackElo "1520"]
[PlyCount "80"]
[EventDate "2008.05.10"]

1. e4 g6 2. d4 Bg7 3. Nf3 d6 4. Nc3 c6 5. Be3 Nf6 6. Be2 O-O 7. O-O Nbd7 8. Qd2
e5 9. dxe5 Nxe5 10. Nxe5 dxe5 11. Qxd8 Rxd8 12. Rad1 Be6 13. Rxd8+ Rxd8 14.
Bxa7 Nd7 15. Be3 f5 16. exf5 Bxf5 17. Bd3 Nf6 18. Rd1 Nd5 19. Bc4 Be6 20. Bxd5
cxd5 21. Ne4 Ra8 22. Nc5 Kf7 23. Nxe6 Kxe6 24. a3 Rc8 25. c3 Rd8 26. Re1 Kf7
27. h3 d4 28. Bd2 Rd5 29. cxd4 exd4 30. Rd1 Rc5 31. Rc1 b6 32. b4 Rxc1+ 33.
Bxc1 b5 34. Kf1 d3 35. f4 Ke6 36. Kf2 Bd4+ 37. Be3 d2 38. Ke2 Bxe3 39. g3 Kd5
40. Kd1 Ke4 0-1

[Event "aut_ychb14_2008"]
[Site "Wien - JGH Brigittenau"]
[Date "2008.05.11"]
[Round "4.10"]
[White "Riemelmoser, Markus"]
[Black "Hribernig, Florian"]
[Result "1-0"]
[WhiteElo "1522"]
[BlackElo "1472"]
[PlyCount "67"]
[EventDate "2008.05.10"]

1. c4 e6 2. g3 Nf6 3. Bg2 d5 4. cxd5 exd5 5. Nf3 Bd6 6. Nc3 Bf5 7. O-O c6 8. d3
O-O 9. Re1 Re8 10. Nd2 Nbd7 11. e4 Bg6 12. exd5 Rxe1+ 13. Qxe1 cxd5 14. Nxd5
Bxd3 15. Nxf6+ Nxf6 16. Bxb7 Rb8 17. Bg2 Qe7 18. Qxe7 Bxe7 19. Nf3 Be4 20. b3
Bc5 21. Bb2 Ng4 22. Bd4 Bxd4 23. Nxd4 Bxg2 24. Kxg2 Kf8 25. Rc1 Rb7 26. Rc8+
Ke7 27. Ra8 Kd7 28. Rg8 g6 29. Rg7 Kd6 30. Rxh7 Kd5 31. Nf3 Ke4 32. Rh4 Kf5 33.
Nd4+ Kg5 34. f4+ 1-0

[Event "aut_ychb14_2008"]
[Site "Wien - JGH Brigittenau"]
[Date "2008.05.12"]
[Round "5.1"]
[White "Handler, Lukas"]
[Black "Wertjanz, David"]
[Result "1/2-1/2"]
[WhiteElo "1908"]
[BlackElo "2031"]
[PlyCount "73"]
[EventDate "2008.05.10"]

1. d4 Nf6 2. c4 d6 3. Nc3 Nbd7 4. e4 e5 5. Nf3 Be7 6. Be2 c6 7. O-O O-O 8. Qc2
Re8 9. a3 a6 10. b4 b5 11. d5 cxd5 12. Nxd5 Nxd5 13. cxd5 Nb6 14. Be3 Bd7 15.
Qb3 Qb8 16. Rfc1 Qb7 17. Rc3 Na4 18. Rc2 Rec8 19. Rac1 Rxc2 20. Rxc2 Rc8 21.
Bd1 Bd8 22. Qd3 Rxc2 23. Qxc2 f5 24. Bd2 Nb6 25. Be3 Nc4 26. Bc1 Be8 27. Nd2
Nxd2 28. Bxd2 Bf7 29. f3 Bb6+ 30. Kf1 Kf8 31. Be1 Ke7 32. Bf2 Kd7 33. Qc3 Bg6
34. Bc2 f4 35. a4 Bxf2 36. Kxf2 Be8 37. a5 1/2-1/2

[Event "aut_ychb14_2008"]
[Site "Wien - JGH Brigittenau"]
[Date "2008.05.12"]
[Round "5.2"]
[White "Schnegg, Martin"]
[Black "Kammerer, Gernot"]
[Result "1/2-1/2"]
[WhiteElo "2057"]
[BlackElo "2001"]
[PlyCount "49"]
[EventDate "2008.05.10"]

1. e4 c5 2. Nf3 d6 3. d4 cxd4 4. Nxd4 Nf6 5. Nc3 g6 6. f4 Nc6 7. Nxc6 bxc6 8.
e5 dxe5 9. Qxd8+ Kxd8 10. fxe5 Nd5 11. Nxd5 cxd5 12. c4 e6 13. Bg5+ Be7 14. Bf6
Bxf6 15. exf6 d4 16. b4 Bb7 17. a4 a5 18. b5 Rc8 19. Rc1 Rc5 20. h4 h5 21. Rh3
e5 22. Rb3 Kd7 23. b6 Kd6 24. Kd2 e4 25. g3 1/2-1/2

[Event "aut_ychb14_2008"]
[Site "Wien - JGH Brigittenau"]
[Date "2008.05.12"]
[Round "5.3"]
[White "Kessler, Michaela"]
[Black "Fröwis, Annika"]
[Result "0-1"]
[WhiteElo "1750"]
[BlackElo "1906"]
[PlyCount "54"]
[EventDate "2008.05.10"]

1. e4 e5 2. Nf3 Nc6 3. Bb5 a6 4. Ba4 Nf6 5. O-O b5 6. Bb3 Bc5 7. a4 Rb8 8. c3
d6 9. Re1 O-O 10. d4 Bb6 11. h3 Bb7 12. axb5 axb5 13. Na3 exd4 14. cxd4 Ra8 15.
Bg5 b4 16. Nc2 Rxa1 17. Nxa1 h6 18. Bh4 g5 19. Bg3 Re8 20. Bc2 Nh5 21. d5 Nxg3
22. dxc6 Bxc6 23. Nd4 Qf6 24. Nxc6 Bxf2+ 25. Kh2 Qf4 26. Qf3 Nf1+ 27. Kh1 Qh2#
0-1

[Event "aut_ychb14_2008"]
[Site "Wien - JGH Brigittenau"]
[Date "2008.05.12"]
[Round "5.4"]
[White "Klocker, Elias"]
[Black "Bachner, Karsten"]
[Result "1-0"]
[WhiteElo "1635"]
[BlackElo "1576"]
[PlyCount "205"]
[EventDate "2008.05.10"]

1. e4 e6 2. d4 d5 3. exd5 exd5 4. Bd3 Bd6 5. Qf3 Ne7 6. h3 Nbc6 7. Ne2 Be6 8.
c3 Qd7 9. Ng3 Ng6 10. Be3 O-O-O 11. Nd2 Nh4 12. Qe2 Nxg2+ 13. Kd1 Bxh3 14. Rxh3
Nxe3+ 15. Qxe3 g6 16. Rh1 f5 17. Qf3 Bxg3 18. fxg3 a6 19. Kc2 Kb8 20. Nb3 Qg7
21. Rae1 Qf6 22. Kb1 Ka7 23. Nc5 Rd6 24. Rh2 h5 25. Rhe2 Qf7 26. Qf4 Rhd8 27.
Qf1 a5 28. Re6 b6 29. Rxd6 Rxd6 30. Nb3 Re6 31. Rxe6 Qxe6 32. Qe2 Nd8 33. Qxe6
Nxe6 34. Nd2 Kb7 35. Nf3 c5 36. dxc5 bxc5 37. Nh4 f4 38. gxf4 Nxf4 39. Bxg6 Kc6
40. Kc2 Kd6 41. Kb3 Kc6 42. Bf7 Kc7 43. Nf5 Kc6 44. Kc2 d4 45. cxd4 cxd4 46.
Nxd4+ Kd6 47. Nf3 Kc5 48. Kb3 Kb6 49. Be8 Kc5 50. Ka4 Kb6 51. b4 axb4 52. Kxb4
Ka6 53. Kc4 Kb6 54. Kd4 Ne2+ 55. Kc4 Nf4 56. Bf7 Ka6 57. Kd4 Ne2+ 58. Kd3 Nc1+
59. Kd2 Nxa2 60. Bxa2 Kb6 61. Bf7 h4 62. Nxh4 Kc5 63. Nf5 Kc6 64. Kc3 Kc5 65.
Be6 Kb5 66. Kb3 Kc5 67. Kc3 Kb5 68. Nd4+ Kc5 69. Nf5 Kb5 70. Kb3 Kc5 71. Ka4
Kc6 72. Kb4 Kb6 73. Kc4 Kc6 74. Kd4 Kb6 75. Bd7 Kc7 76. Ba4 Kb6 77. Kc4 Ka5 78.
Be8 Kb6 79. Kb4 Kc7 80. Kc5 Kd8 81. Ba4 Kc7 82. Bb5 Kb7 83. Nd4 Kc7 84. Ne6+
Kb7 85. Bc6+ Ka6 86. Nc7+ Ka5 87. Ne8 Ka6 88. Nd6 Ka5 89. Nf7 Ka6 90. Ne5 Ka5
91. Nc4+ Ka6 92. Nd6 Ka5 93. Ne8 Ka6 94. Nf6 Ka5 95. Ne4 Ka6 96. Nd6 Ka5 97.
Nc8 Ka6 98. Nd6 Ka5 99. Be8 Ka6 100. Bb5+ Ka7 101. Kc6 Ka8 102. Kc7 Ka7 103.
Nc8+ 1-0

[Event "aut_ychb14_2008"]
[Site "Wien - JGH Brigittenau"]
[Date "2008.05.12"]
[Round "5.5"]
[White "Dalnodar, Bernhard"]
[Black "Knappitsch, Thomas"]
[Result "1/2-1/2"]
[WhiteElo "1722"]
[BlackElo "1816"]
[PlyCount "32"]
[EventDate "2008.05.10"]

1. Nf3 d5 2. g3 c5 3. Bg2 Nc6 4. d3 e5 5. O-O Nf6 6. e4 Be7 7. Nc3 dxe4 8. dxe4
O-O 9. Bg5 Bg4 10. Bxf6 Qxd1 11. Raxd1 Bxf6 12. Ne2 Bxf3 13. Bxf3 Nd4 14. Nxd4
cxd4 15. Be2 Rac8 16. Bd3 Be7 1/2-1/2

[Event "aut_ychb14_2008"]
[Site "Wien - JGH Brigittenau"]
[Date "2008.05.12"]
[Round "5.6"]
[White "Ly, Daniel"]
[Black "Matt, Fabian"]
[Result "1/2-1/2"]
[WhiteElo "1627"]
[BlackElo "1770"]
[PlyCount "45"]
[EventDate "2008.05.10"]

1. e4 e5 2. Nf3 Nf6 3. d4 Nxe4 4. Nxe5 d6 5. Nf3 d5 6. Bd3 Bd6 7. O-O Bg4 8.
Nbd2 f5 9. c3 Nd7 10. Qb3 Nb6 11. Re1 O-O 12. Bxe4 fxe4 13. Rxe4 Qd7 14. Ne5
Bxe5 15. Rxe5 Rae8 16. Nf1 Rxe5 17. dxe5 Qf5 18. Be3 Qxe5 19. h3 Bd7 20. Bxb6
axb6 21. Rd1 Bc6 22. Ne3 Rd8 23. Rd4 1/2-1/2

[Event "aut_ychb14_2008"]
[Site "Wien - JGH Brigittenau"]
[Date "2008.05.12"]
[Round "5.7"]
[White "Ehs, Dominik"]
[Black "Duan, Felix"]
[Result "1/2-1/2"]
[WhiteElo "1554"]
[BlackElo "1476"]
[PlyCount "50"]
[EventDate "2008.05.10"]

1. e4 c5 2. Nc3 d6 3. g3 g6 4. Bg2 Bg7 5. f4 e6 6. d3 Ne7 7. Nf3 O-O 8. O-O
Nbc6 9. h3 Rb8 10. a4 Bd7 11. g4 f5 12. exf5 exf5 13. g5 Re8 14. Be3 Qb6 15.
Rb1 d5 16. Ne2 d4 17. Bd2 Rbd8 18. Ng3 Bc8 19. Nh2 Nb4 20. Bxb4 Qxb4 21. b3 Be6
22. Qe1 Qxe1 23. Rfxe1 Bd5 24. Nhf1 Bxg2 25. Kxg2 Nd5 1/2-1/2

[Event "aut_ychb14_2008"]
[Site "Wien - JGH Brigittenau"]
[Date "2008.05.12"]
[Round "5.9"]
[White "Gmasz, Patrick"]
[Black "Riemelmoser, Markus"]
[Result "0-1"]
[WhiteElo "1509"]
[BlackElo "1522"]
[PlyCount "92"]
[EventDate "2008.05.10"]

1. e4 c5 2. g3 d6 3. Bg2 e6 4. Nc3 g6 5. d3 Bg7 6. f4 Ne7 7. Nf3 O-O 8. O-O a6
9. a4 b6 10. Be3 Bb7 11. d4 Qc7 12. e5 Nf5 13. Bf2 cxd4 14. Bxd4 Nxd4 15. Qxd4
dxe5 16. Nxe5 Bxg2 17. Kxg2 Nc6 18. Qe3 Nxe5 19. fxe5 Bxe5 20. Ra3 Bg7 21. Rb3
Rfb8 22. Rf2 Bf8 23. Qf3 Qb7 24. Qxb7 Rxb7 25. Ne4 Rc8 26. Rd3 Rbc7 27. Rdd2
Rc4 28. Rde2 Rxa4 29. Ng5 Rc7 30. b3 Ra5 31. Nf3 Ra2 32. c4 Rxe2 33. Rxe2 Bg7
34. Rd2 b5 35. cxb5 axb5 36. Rd3 Rc8 37. Kf2 b4 38. Ke2 Rc2+ 39. Ke3 Rb2 40. h3
Bc3 41. Nd4 e5 42. Nc6 Rxb3 43. Nxe5 Rb1 44. Nc4 Rc1 45. Rd5 Be1 46. g4 Rxc4
0-1

[Event "aut_ychb14_2008"]
[Site "Wien - JGH Brigittenau"]
[Date "2008.05.12"]
[Round "5.10"]
[White "Stolzlechner, Andreas"]
[Black "Hribernig, Florian"]
[Result "1-0"]
[WhiteElo "1520"]
[BlackElo "1472"]
[PlyCount "85"]
[EventDate "2008.05.10"]

1. e4 c6 2. d4 d5 3. exd5 cxd5 4. c4 Nf6 5. Nc3 Nc6 6. h3 Bf5 7. Bf4 e6 8. Nf3
Bb4 9. Qb3 O-O 10. a3 Bxc3+ 11. bxc3 Na5 12. Qb4 Nxc4 13. Bxc4 dxc4 14. Qxb7
Qa5 15. Qb4 Qxb4 16. axb4 Ne4 17. Bd2 Nxd2 18. Kxd2 f6 19. Ra5 Rfc8 20. Ra6 Kf7
21. Re1 Re8 22. g4 Bd3 23. Re3 h6 24. Ne1 Bf1 25. f4 Re7 26. Rf3 Bd3 27. Nxd3
cxd3 28. Kxd3 Rc7 29. Rf2 Rb8 30. Re2 Rb6 31. Rea2 Rxa6 32. Rxa6 g5 33. fxg5
hxg5 34. c4 f5 35. Ra5 Kf6 36. gxf5 exf5 37. Ra6+ Kg7 38. d5 Rf7 39. c5 f4 40.
Ke2 Kf8 41. Rg6 Rg7 42. Rxg7 Kxg7 43. c6 1-0

[Event "aut_ychb14_2008"]
[Site "Wien - JGH Brigittenau"]
[Date "2008.05.12"]
[Round "6.1"]
[White "Wertjanz, David"]
[Black "Fröwis, Annika"]
[Result "1/2-1/2"]
[WhiteElo "2031"]
[BlackElo "1906"]
[PlyCount "60"]
[EventDate "2008.05.10"]

1. e4 e5 2. Nf3 Nc6 3. Bb5 a6 4. Ba4 Nf6 5. d4 exd4 6. O-O Be7 7. Re1 b5 8. Bb3
O-O 9. e5 Ne8 10. c3 d5 11. cxd4 Be6 12. Bf4 Qd7 13. Nc3 Na5 14. Bc2 Nc4 15.
Nd2 g6 16. Nxc4 bxc4 17. b3 cxb3 18. Bxb3 Ng7 19. Bh6 Rfb8 20. Bxg7 Kxg7 21.
Rb1 c6 22. Qd2 Rb7 23. Bc2 Rab8 24. Rb3 Rxb3 25. Bxb3 Bf5 26. Bc2 Bxc2 27. Qxc2
Rb4 28. Qd3 Qb7 29. Rb1 Rxb1+ 30. Qxb1 Qxb1+ 1/2-1/2

[Event "aut_ychb14_2008"]
[Site "Wien - JGH Brigittenau"]
[Date "2008.05.12"]
[Round "6.2"]
[White "Schnegg, Martin"]
[Black "Handler, Lukas"]
[Result "0-1"]
[WhiteElo "2057"]
[BlackElo "1908"]
[PlyCount "116"]
[EventDate "2008.05.10"]

1. e4 c6 2. d4 d5 3. Nd2 dxe4 4. Nxe4 Bf5 5. Ng3 Bg6 6. h4 h6 7. Nf3 Nd7 8. h5
Bh7 9. Bd3 Bxd3 10. Qxd3 e6 11. Bf4 Ngf6 12. O-O-O Nd5 13. Bd2 Nb4 14. Bxb4
Bxb4 15. Ne4 Nf6 16. c3 Be7 17. Kb1 Qd5 18. Nxf6+ Bxf6 19. c4 Qd6 20. Ne5 Qc7
21. f4 O-O-O 22. Qe4 Kb8 23. Rh3 Rd6 24. Rhd3 Rhd8 25. g4 Qe7 26. a3 Qc7 27.
Ka2 Qe7 28. Rf1 Qe8 29. g5 Be7 30. g6 fxg6 31. hxg6 Bf6 32. Rfd1 Bxe5 33. Qxe5
Kc8 34. Qxg7 Qf8 35. Qe5 Qf5 36. g7 R6d7 37. Kb3 Rg8 38. Rg3 Qxe5 39. fxe5
Rdxg7 40. Rxg7 Rxg7 41. Rf1 Rh7 42. Kc3 h5 43. Kd3 h4 44. Ke3 h3 45. Rh1 Rh4
46. b3 h2 47. b4 Kc7 48. c5 b6 49. a4 bxc5 50. bxc5 Kb7 51. Kd3 Ka6 52. Kc4 Ka5
53. Kc3 Rh3+ 54. Kc4 a6 55. d5 exd5+ 56. Kd4 Rh4+ 57. Kd3 Kxa4 58. e6 Kb5 0-1

[Event "aut_ychb14_2008"]
[Site "Wien - JGH Brigittenau"]
[Date "2008.05.12"]
[Round "6.3"]
[White "Kammerer, Gernot"]
[Black "Klocker, Elias"]
[Result "1-0"]
[WhiteElo "2001"]
[BlackElo "1635"]
[PlyCount "47"]
[EventDate "2008.05.10"]

1. e4 e5 2. Nf3 Nc6 3. Bb5 a6 4. Ba4 Nf6 5. O-O b5 6. Bb3 Be7 7. Re1 d6 8. c3
Bg4 9. h3 Bh5 10. d3 O-O 11. Nbd2 Na5 12. Bc2 c5 13. Nf1 Qc7 14. Ng3 Bg6 15.
Be3 Nb7 16. d4 Rfd8 17. d5 Rac8 18. b3 Ra8 19. Qe2 Qd7 20. Nh4 Kh8 21. Nhf5
Bxf5 22. Nxf5 Bf8 23. Bg5 h6 24. Bxf6 1-0

[Event "aut_ychb14_2008"]
[Site "Wien - JGH Brigittenau"]
[Date "2008.05.12"]
[Round "6.4"]
[White "Ly, Daniel"]
[Black "Dalnodar, Bernhard"]
[Result "0-1"]
[WhiteElo "1627"]
[BlackElo "1722"]
[PlyCount "116"]
[EventDate "2008.05.10"]

1. e4 c5 2. Nc3 g6 3. f4 Bg7 4. Bc4 e6 5. Nf3 Nc6 6. a3 Nge7 7. O-O O-O 8. d3
d5 9. exd5 exd5 10. Bb3 Bg4 11. h3 Bxf3 12. Qxf3 Nd4 13. Qg4 Rc8 14. Kh1 a6 15.
Rf2 Nxb3 16. cxb3 Re8 17. Qf3 b5 18. Ne2 Nf5 19. g4 Rxe2 20. gxf5 Rxf2 21. Qxf2
gxf5 22. Be3 d4 23. Bd2 Qd5+ 24. Qg2 Qxg2+ 25. Kxg2 Bf8 26. Rc1 Bd6 27. Kg3 Re8
28. Re1 Rxe1 29. Bxe1 Kg7 30. Bd2 Be7 31. Kf2 Kf6 32. Ke2 Ke6 33. Kd1 Kd6 34.
Kc2 Bh4 35. Ba5 Kc6 36. Kd1 Bg3 37. Bd2 Kd5 38. Kc2 Bf2 39. Ba5 Kc6 40. Bd8 Be3
41. Bg5 Kd6 42. h4 h5 43. b4 cxb4 44. axb4 Ke6 45. Kd1 Bf2 46. Bd8 Bg3 47. Bb6
Kd5 48. Bc7 Bxh4 49. Ke2 Be7 50. Ba5 Bd6 51. Kf3 h4 52. Bd8 Bxb4 53. Bxh4 a5
54. Ke2 a4 55. Kd1 Bd6 56. Bg3 Ke6 57. Bf2 Bxf4 58. Bxd4 Be5 0-1

[Event "aut_ychb14_2008"]
[Site "Wien - JGH Brigittenau"]
[Date "2008.05.12"]
[Round "6.5"]
[White "Bachner, Karsten"]
[Black "Kessler, Michaela"]
[Result "1-0"]
[WhiteElo "1576"]
[BlackElo "1750"]
[PlyCount "107"]
[EventDate "2008.05.10"]

1. e4 c5 2. Nf3 d6 3. d4 cxd4 4. Nxd4 Nf6 5. Nc3 a6 6. Be3 e5 7. Nb3 Be6 8. f3
Nbd7 9. Qd2 b5 10. O-O-O Be7 11. g4 O-O 12. g5 b4 13. Ne2 Nh5 14. Ng3 Nxg3 15.
hxg3 Re8 16. Kb1 a5 17. f4 f5 18. gxf6 Nxf6 19. Bd3 Qc7 20. f5 Bf7 21. Bg5 a4
22. Nc1 a3 23. b3 Rab8 24. Bxf6 Bxf6 25. Ne2 Rec8 26. Ba6 Bg5 27. Qd3 Rd8 28.
c4 bxc3 29. Nxc3 Bxb3 30. axb3 Rxb3+ 31. Ka2 Rxc3 32. Qd5+ Qf7 33. Qxf7+ Kxf7
34. Rd3 Rxd3 35. Bxd3 h6 36. Bc4+ Kf6 37. Kxa3 Be3 38. Kb3 Bf2 39. Rf1 Bc5 40.
Ra1 Rd7 41. Bd5 Kg5 42. Be6 Rb7+ 43. Kc4 Kg4 44. f6+ Kxg3 45. f7 Rb8 46. Bd5
Rf8 47. Ra8 Rxf7 48. Bxf7 g5 49. Rh8 Kf4 50. Kd3 g4 51. Rxh6 Kf3 52. Bh5 Kg3
53. Rg6 Kf2 54. Bxg4 1-0